000 00604nam a2200229Ia 4500
003 OSt
005 20221006164533.0
006 a|||||r|||| 00| 0
007 ta
008 221006b |||||||| |||| 00| 0 eng d
024 _a1,859
037 _cTextual
040 _aFML
_cFML
_beng
041 _2eng
_aeng
082 _aY72.273, K1
100 _aNarmadeshwar Prasad Au.
_9677715
245 0 _aLand and People of Tribal Bihar
260 _aRanchi
_bB T R I
_c1961
300 _a374
_ccm.
942 _hY72.273, K1
_cTEXL
_2CC
999 _c1117608
_d1117608